E.U. presiona en el BID contra Nicaragua
Αποθηκεύτηκε σε:
| Μορφή: | Κείμενο |
|---|---|
| Έκδοση: |
Managua:
Barricada
|
| Ετικέτες: |
Προσθήκη ετικέτας
Δεν υπάρχουν, Καταχωρήστε ετικέτα πρώτοι!
|
MARC
| LEADER | 00000 a a2200000 04500 | ||
|---|---|---|---|
| 001 | 22297 | ||
| 003 | |||
| 040 | |||
| 090 | |a 151500 | ||
| 245 | |a E.U. presiona en el BID contra Nicaragua | ||
| 260 | |a Managua: |b Barricada | ||
| 300 | |a 1 p. | ||
| 999 | |c 8877 |d 8877 | ||
